000 01034nam a2200241 i 4500
001 158457
003 ES-MaACL
005 20230906211146.0
008 990216s1866 sp |||| | spa d
080 _a616.932(460.27 M.)"18"
110 1 _aMadrid.
_bJunta Municipal de Beneficencia.
_9201398
245 1 0 _aMemoria de la Junta Municipal de Beneficencia, con una reseña de los actos de la de Sanidad de esta Corte, acerca de la epidemia de cólera morbo asiático que sufrió esta capital en el año de 1865.
260 _aMadrid :
_b[s.n.],
_c1866 (
_fOficina Tip. de los Asilos de San Bernardino)
300 _a55 p., [6] h. pleg. ;
_c25 cm.
530 _aDisponible en formato digital.
597 _aPort. con esc. de Madrid.
610 1 4 _aMadrid.
_bJunta Municipal de Sanidad.
_9176000
650 4 _aCólera-
_zMadrid.
_9141887
852 4 _aES-MaACL
_jFol-Laf-208
852 4 _aES-MaACL
_jT-60-F-16
856 4 _uhttp://bdh-rd.bne.es/viewer.vm?id=0000106978&page=1
_zBiblioteca Digital Hispánica
999 _c158457
_d158457